000 00236nmm a2200085Ia 4500
008 220120s9999||||xx |||||||||||||||||und||
100 _aChip
245 0 _aCorel draw graphics suite X6, tiny core plus linux 4.4, mult
260 _aInfomedia18
999 _c139743
_d139743